|
|
|
|
| LEADER |
02588cam a2200673 i 4500 |
| 001 |
nkc20223418829 |
| 003 |
CZ PrNK |
| 005 |
20221014072203.0 |
| 007 |
ta |
| 008 |
220429s2022 xr f 000 0dcze d |
| 015 |
|
|
|a cnb003418829
|
| 020 |
|
|
|a 978-80-908299-2-3
|q (vázáno)
|
| 035 |
|
|
|a (OCoLC)1344360380
|
| 040 |
|
|
|a ULG001
|b cze
|d BOA001
|e rda
|
| 041 |
1 |
|
|a cze
|h eng
|
| 043 |
|
|
|a n-us---
|
| 045 |
|
|
|a x-y-
|
| 072 |
|
7 |
|a 615
|x Farmacie. Farmakologie
|2 Konspekt
|9 14
|
| 080 |
|
|
|a 615.15
|2 MRF
|
| 080 |
|
|
|a 615.1:005.71
|2 MRF
|
| 080 |
|
|
|a 615:338.45
|2 MRF
|
| 080 |
|
|
|a 615.212.7
|2 MRF
|
| 080 |
|
|
|a 343.1
|2 MRF
|
| 080 |
|
|
|a (73)
|2 MRF
|
| 080 |
|
|
|a (0:82-96)
|2 MRF
|
| 100 |
1 |
|
|a Keefe, Patrick Radden,
|d 1976-
|7 mub20211098412
|4 aut
|
| 240 |
1 |
0 |
|a Empire of pain.
|l Česky
|
| 245 |
1 |
0 |
|a Impérium bolesti :
|b tajná historie dynastie Sacklerů /
|c Patrick Radden Keefe ; překlad Eva Děrglová
|
| 250 |
|
|
|a První vydání
|
| 264 |
|
1 |
|a Praha :
|b LearnOcto GRP s.r.o.,
|c 2022
|
| 300 |
|
|
|a 570 stran ;
|c 24 cm
|
| 336 |
|
|
|a text
|b txt
|2 rdacontent
|
| 337 |
|
|
|a bez média
|b n
|2 rdamedia
|
| 338 |
|
|
|a svazek
|b nc
|2 rdacarrier
|
| 500 |
|
|
|a Přeloženo z angličtiny
|
| 504 |
|
|
|a Obsahuje bibliografické odkazy
|
| 600 |
3 |
7 |
|a Sackler (rodina)
|7 mzk20221156084
|2 czenas
|
| 610 |
2 |
7 |
|a Purdue Pharma L.P.
|7 xx0272383
|2 czenas
|
| 648 |
|
7 |
|a 20.-21. století
|7 ch462155
|2 czenas
|
| 648 |
|
7 |
|a 21. století
|7 ch460559
|2 czenas
|
| 650 |
0 |
7 |
|a farmaceuti
|7 ph120136
|z Spojené státy americké
|y 20.-21. století
|2 czenas
|
| 650 |
0 |
7 |
|a farmaceutické firmy
|7 ph194810
|z Spojené státy americké
|y 20.-21. století
|2 czenas
|
| 650 |
0 |
7 |
|a farmaceutický průmysl
|7 ph120140
|z Spojené státy americké
|y 20.-21. století
|2 czenas
|
| 650 |
0 |
7 |
|a opioidy
|7 ph135327
|2 czenas
|
| 650 |
0 |
7 |
|a soudní procesy
|7 ph125856
|z Spojené státy americké
|y 21. století
|2 czenas
|
| 650 |
0 |
9 |
|a pharmacists
|z United States
|y 20th-21st centuries
|2 eczenas
|
| 650 |
0 |
9 |
|a pharmaceutical business enterprises
|z United States
|y 20th-21st centuries
|2 eczenas
|
| 650 |
0 |
9 |
|a pharmaceutical industry
|z United States
|y 20th-21st centuries
|2 eczenas
|
| 650 |
0 |
9 |
|a opioids
|2 eczenas
|
| 650 |
0 |
9 |
|a trials
|z United States
|y 21st century
|2 eczenas
|
| 655 |
|
7 |
|a literatura faktu
|7 fd132773
|2 czenas
|
| 655 |
|
9 |
|a non-fiction
|2 eczenas
|
| 700 |
1 |
|
|a Děrglová, Eva
|7 xx0277267
|4 trl
|
| 910 |
2 |
|
|a BOA001
|b 2-1487.773
|
| 920 |
|
|
|a 016020003841794
|z ULG001
|
| 990 |
|
|
|a BK
|
| 995 |
|
|
|a 01
|
| 991 |
|
|
|b 202207
|c NOV
|
| 996 |
6 |
|
|b 2610906647
|c 2-1487.773
|l MZK
|r Sklad / do 1 hodiny
|n 0
|p p.v.
|w 001890535
|u 000010
|a 1
|e BOA001
|j MZK50
|s P
|